Рассказы. Повести; Смерть чиновника; Толстый и тонкий; Хамелеон; Ванька; Унтер Пришибеев; Каштанка; Палата №6; Дом с мезонином; Человек в футляре; Крыжовник; О любви; Ионыч; Дама с собачкой

Bibliographische Detailangaben
1. Verfasser: Чехов А. П. Антон Павлович
Sprache:Russisch
Veröffentlicht: Днепропетровск, Промiнь, 1984
TOC:Смерть чиновника; Толстый и тонкий; Хамелеон; Ванька; Унтер Пришибеев; Каштанка; Палата №6; Дом с мезонином; Человек в футляре; Крыжовник; О любви; Ионыч; Дама с собачкой;
Schriftenreihe:Школьная библиотека
Schlagworte:
Format: MixedMaterials Buch
KOHA link:https://koha.lib.tpu.ru/cgi-bin/koha/opac-detail.pl?biblionumber=121555

MARC

LEADER 00000nam0a2200000 4500
001 121555
005 20241025063146.0
020 |a RU  |b 84-47029 
035 |a (RuTPU)RU\TPU\book\131635 
090 |a 121555 
100 |a 20070917d1984 d y0rusy5003 ca 
101 0 |a rus 
102 |a RU 
105 |a a z 000ay 
200 1 |a Рассказы. Повести  |f А. П. Чехов 
210 |a Днепропетровск  |c Промiнь  |d 1984 
215 |a 160 с.  |c портр.  |d 20 см 
225 1 |a Школьная библиотека 
464 |t Смерть чиновника; Толстый и тонкий; Хамелеон; Ванька; Унтер Пришибеев; Каштанка; Палата №6; Дом с мезонином; Человек в футляре; Крыжовник; О любви; Ионыч; Дама с собачкой  |o рассказы 
610 1 |a русская литература 
610 1 |a повести 
610 1 |a рассказы 
610 1 |a внеклассная работа 
675 |a Р1  |z rus 
700 1 |a Чехов  |b А. П.  |c русский писатель  |f 1860-1904  |g Антон Павлович  |7 ca  |8 rus  |2 stltpush  |3 (RuTPU)RU\TPU\pers\1035  |9 458 
801 0 |a RU  |b RuMRKP  |c 19950704  |g psbo 
801 1 |a RU  |b 63413507  |c 20070917  |g PSBO 
801 2 |a RU  |b 63413507  |c 20160229  |g PSBO 
942 |c BK